[Event "Meisterturnier"]
[Site "Tübingen"]
[Date "2007.09.02"]
[Round "9"]
[White "Frick, Christoph"]
[Black "Roth, Jürgen Eugen"]
[Result "1/2-1/2"]
[WhiteElo "2240"]
[BlackElo "2309"]
[PlyCount "77"]
[EventDate "2007.??.??"]

1. Nc3 d5 2. e4 dxe4 3. Nxe4 Nf6 4. Nxf6+ exf6 5. Nf3 Nc6 6. Be2 Bd6 7. d4 O-O
8. O-O Bg4 9. c3 Qd7 10. Nd2 Bxe2 11. Qxe2 Rfe8 12. Qf3 Qe6 13. Rd1 f5 14. g3
Nd8 15. Nf1 Qe4 16. Nd2 Qe6 17. Kg2 c6 18. Nf1 g6 19. Bf4 Bxf4 20. Qxf4 Qf6 21.
Re1 Ne6 22. Qe5 Qxe5 23. Rxe5 f6 24. Ree1 f4 25. Nd2 fxg3 26. fxg3 Rad8 27. Ne4
Kg7 28. Rad1 f5 29. Nf2 Rd6 30. Nd3 Red8 31. Ne5 Ng5 32. Nc4 R6d7 33. Re5 Nf7
34. Rc5 Re7 35. Kf1 Rde8 36. d5 cxd5 37. Rcxd5 Re2 38. R1d2 Rxd2 39. Rxd2
1/2-1/2

[Event "Meisterturnier"]
[Site "Tübingen"]
[Date "2007.09.02"]
[Round "9"]
[White "Hirneise, Tobias"]
[Black "Hönsch, Matthias"]
[Result "1-0"]
[WhiteElo "2293"]
[BlackElo "2279"]
[PlyCount "79"]
[EventDate "2007.??.??"]

1. e4 e6 2. d4 d5 3. Nc3 dxe4 4. Nxe4 Bd7 5. Nf3 Bc6 6. Bd3 Nd7 7. Ng3 Ngf6 8.
O-O Be7 9. b3 O-O 10. Bb2 Bxf3 11. Qxf3 c6 12. c4 Qa5 13. a3 Rad8 14. Rfe1 Rfe8
15. h4 Bd6 16. Bc3 Qc7 17. Ne4 Nxe4 18. Qxe4 Nf6 19. Qf3 e5 20. c5 Bf8 21. dxe5
Nd7 22. e6 fxe6 23. b4 Nf6 24. Bxf6 gxf6 25. Bc4 Kh8 26. Bxe6 Bh6 27. g3 a5 28.
Rab1 axb4 29. axb4 Qe7 30. Qh5 Bd2 31. Re4 Qc7 32. Rb3 Re7 33. Qf5 Rf8 34. Rd3
Bh6 35. Rd6 Bc1 36. Red4 Bb2 37. Rd2 Bc3 38. R2d3 Bxb4 39. Rd7 Rxd7 40. Rxd7
1-0

[Event "Meisterturnier"]
[Site "Tübingen"]
[Date "2007.09.02"]
[Round "9"]
[White "Heinl, Thomas"]
[Black "Fischer, Andre Klaus"]
[Result "1/2-1/2"]
[WhiteElo "2213"]
[BlackElo "2169"]
[PlyCount "30"]
[EventDate "2007.??.??"]

1. e4 c5 2. Nf3 d6 3. d4 cxd4 4. Nxd4 Nf6 5. Nc3 a6 6. f4 e5 7. Nb3 Be7 8. Be2
O-O 9. Be3 exf4 10. Bxf4 Nc6 11. Qd2 Be6 12. Nd4 Nxd4 13. Qxd4 d5 14. exd5 Nxd5
15. Nxd5 Qxd5 1/2-1/2

[Event "Meisterturnier"]
[Site "Tübingen"]
[Date "2007.09.02"]
[Round "9"]
[White "Giacopelli, Vincenzo"]
[Black "Bauer, Eckart"]
[Result "1-0"]
[WhiteElo "2093"]
[BlackElo "2203"]
[PlyCount "73"]
[EventDate "2007.??.??"]

1. Nf3 c5 2. e4 Nc6 3. d4 cxd4 4. Nxd4 Nf6 5. Nc3 e5 6. Ndb5 d6 7. Bg5 a6 8.
Bxf6 gxf6 9. Na3 b5 10. Nd5 f5 11. Bd3 Be6 12. c3 Bg7 13. Qf3 Bxd5 14. exd5 e4
15. Qe2 Ne7 16. Bc2 Nxd5 17. O-O-O Nf4 18. Qd2 Qf6 19. Kb1 Nxg2 20. Rhg1 b4 21.
Rxg2 bxa3 22. Rxg7 Rb8 23. Qxd6 Rxb2+ 24. Kc1 Qxd6 25. Rxd6 Rxa2 26. Rxa6 Ra1+
27. Kd2 Kf8 28. Rg5 Ke7 29. Rxf5 Rd8+ 30. Ke3 Rc1 31. Bxe4 Rxc3+ 32. Kf4 Rd2
33. Ra7+ Ke6 34. f3 Rxh2 35. Rfa5 Kf6 36. R7a6+ Kg7 37. Rxa3 1-0

[Event "Meisterturnier"]
[Site "Tübingen"]
[Date "2007.09.02"]
[Round "9"]
[White "Stiepan, Hans-Michael"]
[Black "Schmidt, Olaf"]
[Result "1/2-1/2"]
[WhiteElo "2124"]
[BlackElo "2193"]
[PlyCount "57"]
[EventDate "2007.??.??"]

1. d4 Nf6 2. Nf3 g6 3. c4 Bg7 4. g3 O-O 5. Bg2 d6 6. Nc3 Nbd7 7. O-O e5 8. e4
exd4 9. Nxd4 Re8 10. h3 a6 11. Be3 Rb8 12. b3 c5 13. Nde2 b5 14. Qxd6 b4 15.
Na4 Nxe4 16. Bxe4 Rxe4 17. Rad1 Qe8 18. Nxc5 Rxe3 19. Nxd7 Bxd7 20. fxe3 Bxh3
21. Rf2 Bg4 22. Rd5 Be6 23. Rd3 a5 24. Nd4 Rd8 25. Qc5 Bc8 26. Rfd2 Bxd4 27.
Rxd4 Qxe3+ 28. Kh2 Qh6+ 29. Kg1 1/2-1/2

[Event "Meisterturnier"]
[Site "Tübingen"]
[Date "2007.09.02"]
[Round "9"]
[White "Engelhart, Achim"]
[Black "Hirneise, Jens"]
[Result "1/2-1/2"]
[WhiteElo "2192"]
[BlackElo "2090"]
[PlyCount "37"]
[EventDate "2007.??.??"]

1. e4 c5 2. Nf3 Nc6 3. d4 cxd4 4. Nxd4 Nf6 5. Nc3 d6 6. Bc4 e6 7. O-O Be7 8.
Kh1 O-O 9. f4 Bd7 10. f5 Nxd4 11. Qxd4 Qc8 12. fxe6 Bxe6 13. Nd5 Nxd5 14. exd5
Bf5 15. Bd3 Bf6 16. Bxf5 Bxd4 17. Bxc8 Raxc8 18. c3 Be5 19. Be3 1/2-1/2